[Event "Herren"]
[Site "?"]
[Date "1998.??.??"]
[Round "5.24"]
[White "Hoeschele, H."]
[Black "Weigel, H."]
[Result "1-0"]
[WhiteElo "2084"]
[BlackElo "2290"]
[PlyCount "95"]
[EventDate "1998.??.??"]

1. Nf3 d6 2. d4 g6 3. e4 Bg7 4. Bc4 Nf6 5. e5 dxe5 6. Nxe5 O-O 7. O-O c5 8.
dxc5 Qc7 9. Nd3 Nbd7 10. Nc3 a6 11. Qf3 e5 12. Re1 Nxc5 13. Nxe5 Be6 14. Bf1
Rfe8 15. Bf4 Qc8 16. h3 b5 17. a3 Qb7 18. Qxb7 Nxb7 19. Rad1 Rac8 20. g4 h6 21.
Bg2 Na5 22. Rd6 Nc4 23. Nxc4 Rxc4 24. Bc1 Bc8 25. Rxe8+ Nxe8 26. Rd8 Kf8 27.
Bd5 Bf6 28. Bxh6+ Ke7 29. Bxc4 Kxd8 30. Bxf7 Nd6 31. Bxg6 Nc4 32. Nd5 Bxb2 33.
Bg5+ Kd7 34. Bf5+ Kd6 35. Bxc8 Kxd5 36. Bxa6 Nxa3 37. Be7 Nxc2 38. Bxb5 Be5 39.
Ba4 Nd4 40. Bd1 Bf4 41. h4 Ke6 42. Bc5 Nc6 43. Bb3+ Ke5 44. Bb6 Kf6 45. Kg2 Be5
46. Ba4 Nb4 47. Bd8+ Kg7 48. Kf3 1-0

[Event "Herren"]
[Site "?"]
[Date "1998.??.??"]
[Round "5.25"]
[White "Rost, V."]
[Black "Brauner, R."]
[Result "1/2-1/2"]
[WhiteElo "2280"]
[BlackElo "2035"]
[PlyCount "36"]
[EventDate "1998.??.??"]

1. e4 d5 2. Nc3 dxe4 3. Nxe4 Nd7 4. d4 Ngf6 5. Ng3 e6 6. Nf3 c5 7. Be2 Qc7 8.
O-O Bd6 9. c3 O-O 10. Bd3 Re8 11. Bd2 b6 12. Ne4 Nxe4 13. Bxe4 Bb7 14. Qe2 Bxe4
15. Qxe4 Nf6 16. Qh4 Nd7 17. Rfe1 e5 18. dxe5 Nxe5 1/2-1/2